| 000 | 00000nam##2200000za#4500 |
| 001 | 9.667540 |
| 003 | CaOODSP |
| 005 | 20210615123607 |
| 007 | ta |
| 008 | 150407|2006||||xxc||||| f|0| 0 fre|d |
| 020 | |a0-662-49219-6 |
| 040 | |aCaOODSP|bfre |
| 041 | |aeng |
| 041 | |afre |
| 043 | |an-cn--- |
| 086 | 1 |aSO2-11/13-2006 |
| 110 | 1 |aCanada. |bGouverneur général. |bBureau du secrétaire. |
| 245 | 10|aRèglement concernant l'attribution de la Médaille pour services distingués des Services d'urgence médicale / |cProduite par la Direction des communications et des services aux visiteurs. |
| 246 | 3 |aLe régime canadien des distinctions honorifiques |
| 260 | |aOttawa - Ontario : |bGouverneur général du Canada. Bureau du Secrétaire |c2006. |
| 300 | |a9p. ; |c23 cm. |
| 563 | |aCouverture souple |
| 590 | |a06-50|b2006-12-15 |
| 691 | 07|aDécoration|2gcpds |
| 691 | 07|aServices d'urgence|2gcpds |
| 691 | 07|aRèglements|2gcpds |
| 776 | 0#|tRegulations governing the award of the Emergency Medical Services Exemplary Service Medal |w(CaOODSP)9.675599 |
| 791 | |tRegulations governing the award of the Emergency Medical Services Exemplary Service Medal / |eeng|w(CaOODSP)9.667539 |